000 00482 a2200169 4500
003 OSt
005 20240823123148.0
008 231019b |||||||| |||| 00| 0 eng d
020 _a9953754756
040 _coclc
082 _a822.6
_bSHE/R
100 _aSheridan, Richard Brinsley
_94668
245 _aTHE RIVALS /
_cRichard Brinsley Sheridan
260 _aBeirut:
_bDar Al-Bihar,
_c2009.
300 _a285 p
942 _2ddc
_cBK
_h822.6
_iSHE/R
_k822.6
_mSHE/R
999 _c42659
_d42659